| 000 | 00475cam2a220019300 4500 | ||
|---|---|---|---|
| 001 | tmp15403662 | ||
| 003 | UPRA | ||
| 005 | 20190830125911.0 | ||
| 008 | 950807s1961 onc eng u | ||
| 035 | _a(Sirsi) r30778 | ||
| 035 | _a(UPRA)tmp15403662 | ||
| 040 | _cUPRA | ||
| 245 | 0 | 0 | _aQuick Canadian facts. |
| 250 | _a1961-1962 ed. | ||
| 260 |
_aToronto, _c1961. |
||
| 651 | 0 |
_aCanada. _6S38157.1 |
|
| 949 |
_aF1009 _wlcc _i-34664 _mMAIN _tBOOK _lON-SHELF |
||
| 004 | 30778 | ||
| 999 |
_c202205 _d202205 |
||